00615nam a22002297a 4500003000500000005001700005008004100022010001000063011001000073035001000083040000900093082001500102100001900117245004900136260003800185300002000223490002600243650002400269650002600293650004000319830002600359CHAP20220329135019.0971013s1972 r 00010 d a29555 a30527 a34639 cCHAP a581.24bL400aLevitt, Jacob. aResponse of plants to environmental stresses aNew York :bAcademic Press,c1972 a697 p.b: ilus. aPhysiological ecology14aEcología vegetal.14aFisiología vegetal.14aPlantasxEfecto del medio ambiente.0 aPhysiological ecology